000 00544nam a2200193Ia 4500
005 20250508165652.0
008 008 250505s9999 xx 000 0 eng d
037 _aTextual
040 _aFEDL
_beng
_cFEDL
041 _aeng
_2eng
084 _a530, WEI
_qFEDL
100 _aWeinberg Steven
245 0 _aDreams of a final theory : the search for the fundamental laws of nature.
260 _aLondon, UK
_bVintage
_c1993
300 _axi,260p.
365 _aINR
_b300
942 _cTEXL
_h530, WEI
999 _c1396633
_d1396633